000 01732nam0a2200325 4500
001 RU\NLR\bibl\4988
005 20260407000527.0
010 _a5-88709-89-8
_910000
021 _aRU
_b98-5316
_9255
035 _a(NLR Aleph) 000004846
090 _a13065
_c13065
100 _a19980817d1997 |||y0rusy50 ca
101 0 _arus
102 _aRU
105 _a|||||||||||||
200 1 _aЭкология Ханты-Мансийского автономного округа
_fАгафонов Л.И., Богданов В.Д., Богданова Е.Н. и др.
_gСост. Л.Н. Добринский, В.В. Плотников
_gПод ред. В.В. Плотникова
_gЭкол. фонд Ханты-Манс. авт. округа
210 _aТюмень
_cСофтДизайн
_d1997
215 _a286 с., [8] л. цв. ил.
_cил., карт.
_d27
320 _aБиблиогр. в конце гл.
606 0 _aЭкология
_yХанты-Мансийский автономный округ-Югра
_92080959
_3RU\NLR\auth\661256912
686 _aЕ081(2Р53-4Тю-6Х)
701 1 _4070
_8rus
_7ca
_aАгафонов
_bЛ. И.
_gЛеонид Иванович
_3RU\NLR\auth\776651
_9116600
702 1 _4220
_8rus
_7ca
_aДобринский
_bЛ. Н.
_f1928-2006
_gЛев Николаевич
_3RU\NLR\auth\776653
_9116602
702 1 _4340
_8rus
_7ca
_aПлотников
_bВ. А.
_gВладимир Васильевич
_3RU\NLR\auth\776648
_9116597
712 0 2 _4400
_aЭкологический фонд Ханты-Мансийского автономного округа
_3RU\NLR\AUTH\889990603
_9476923
801 0 _aRU
_bNLR
_c19980817
_gPSBO
801 1 _aRU
_bNLR
_c19980817
852 _aNLR
_j98-7/253
942 _cBOOK
980 _aNB